Statistics for Biggest World Cities by Letter - D (no country hints)

Click here to take the quiz!

General Stats

  • This quiz has been taken 150 times
  • The average score is 9 of 15

Answer Stats

PopulationCity% Correct
28.4 milDelhi
90%
6.90 milDallas
83%
18.8 milDhaka
81%
3.65 milDenver
76%
5.90 milDar es Salaam
75%
5.70 milDetroit
72%
3.50 milDakar
69%
4.63 milDubai
69%
3.33 milDurban
66%
3.68 milDamascus
58%
4.50 milDalian
44%
2.33 milDoha
44%
2.38 milDammam
31%
3.13 milDouala
25%
2.75 milDaegu
24%

Score Distribution

Percentile by Number Answered

Percent of People with Each Score

Your Score History

You have not taken this quiz